000 00723nam a2200241 4500
001 258
003 OSt
005 20250224141919.0
008 250224b |||||||g |||| 00| 0 eng d
040 _bpor
041 _hpor
082 _a352.16
_bT324
245 _aTerras Altas:
_bAno I, n°02 /
260 _aBelo Horizonte
_bExpediente
_c2008
300 _a38 p.
_bil.
520 _aA revista Terras Altas, apresenta o cultura da cidade, abordando temas como: o rio misericórdia, o padroeiro da cidade, Ibiaenses Ilustres,etc..
650 0 _aMunicípio de Ibiá
_9476
650 0 _aEntrevista
_9477
650 0 _aHistória
_9116
650 0 _aTradições e Costumes
_9478
655 0 _aRevista
_9475
942 _2ddc
_n0
_cBK
999 _c258
_d258